| 000 | 00353nam a2200145Ia 4500 | ||
|---|---|---|---|
| 008 | 220216s9999 xx 000 0 und d | ||
| 100 | _aHong L T | ||
| 245 | 0 | _aDurability of rubberwood | |
| 260 |
_bRubberwood: Processing and utilization _c1994 |
||
| 300 | _a37-49 | ||
| 650 | _aRubberwood | ||
| 700 | _aHo Y F | ||
| 700 | _aWong A H H | ||
| 942 | _cJS | ||
| 999 |
_c57430 _d57430 |
||